Normal view MARC view
  • Sethi, Deepak

Entry Personal Name

Number of records used in: 1

001 - CONTROL NUMBER

  • control field: 213173

003 - CONTROL NUMBER IDENTIFIER

  • control field: OSt

005 - DATE AND TIME OF LATEST TRANSACTION

  • control field: 20250917131710.0

008 - FIXED-LENGTH DATA ELEMENTS

  • fixed length control field: 250917|| aca||aabn | a|a d

040 ## - CATALOGING SOURCE

  • Original cataloging agency: OSt
  • Transcribing agency: OSt

100 ## - HEADING--PERSONAL NAME

  • Personal name: Sethi, Deepak

670 ## - SOURCE DATA FOUND

  • Source citation: Work cat.: (OSt)367843: Sethi, Deepak, Essentials of Adult Medical Surgical Nursing Volume-I